|
|
|
|
| LEADER |
00000nam a2200000 a 4500 |
| 001 |
vtls009088805 |
| 003 |
SK-MaSNL |
| 005 |
20260301210401.0 |
| 008 |
240314s2007 xo a b 000 j cze |
| 015 |
|
|
|a SNBA2007/11-05566
|
| 020 |
|
|
|a 9788089242504
|q (viaz.)
|
| 035 |
|
|
|a 66C52498-4974-46A3-9E57-09E24BF3C1FE
|
| 035 |
|
|
|a urn:nbn:sk:snk-amkuww
|
| 035 |
|
|
|a urn:nbn:sk:snk-am004cwm
|
| 040 |
|
|
|a SNK
|b slo
|c SNK
|e AACR2
|
| 041 |
1 |
|
|a cze
|h rus
|
| 044 |
|
|
|a xo
|c SK
|
| 072 |
|
7 |
|a 821.161.1
|x Ruská literatúra
|2 konspekt
|
| 072 |
|
7 |
|a 821-93
|x Literatúra pre deti a mládež
|2 konspekt
|
| 080 |
|
|
|a 821.161.1-32
|2 2001
|
| 080 |
|
|
|a 821-93
|2 2001
|
| 100 |
1 |
|
|a Kamov, Feliks Solomonovič,
|d 1932-
|4 aut
|9 337520
|
| 245 |
1 |
0 |
|a Jen počkej!
|c F. S. Kamov, A. E. Kurliandskij, A. I. Chajt ; ilustroval A. Alir ; [překlad: Bohdan Šeda]
|n 6. díl
|p Zahradní strašidlo
|
| 246 |
3 |
0 |
|a Zahradní strašidlo
|
| 250 |
|
|
|a 1. vyd.
|
| 260 |
|
|
|a Bratislava
|b Slovart Print
|c 2007
|
| 300 |
|
|
|a 54 s.
|b fareb. ilustr.
|c 30 cm
|
| 655 |
|
7 |
|a ruské príbehy
|2 SNKPH
|9 75709
|
| 655 |
|
7 |
|a publikácie pre deti
|2 SNKPH
|9 70148
|
| 700 |
1 |
|
|a Kurliandskij, Aleksandr Jefimovič,
|d 1938-
|4 aut
|9 403346
|
| 700 |
1 |
|
|a Chajt, Arkadij Iosifovič,
|d 1938-
|4 aut
|9 337522
|
| 700 |
1 |
|
|a Alir, A.
|4 ill
|9 337523
|
| 700 |
1 |
|
|a Šeda, Bohdan
|4 trl
|9 316405
|
| 919 |
|
|
|a 978-80-89242-50-4
|
| 958 |
|
|
|a OND
|
| 958 |
|
|
|a UP
|
| 958 |
|
|
|a LX
|
| 958 |
|
|
|a CZ
|
| 958 |
|
|
|a NM
|
| 968 |
|
|
|a Čes
|b RUS
|d 821
|
| 999 |
|
|
|c 913455
|d 915385
|
| 952 |
|
|
|a SNK
|b SNK
|y PREZ
|7 0
|p 17A0561817
|o snkSB 71623/6
|i snk2007/19406
|8 0
|0 0
|1 0
|4 0
|d 2007-08-23
|l 0
|r 2025-04-23 00:00:00
|w 2026-02-24
|
| 952 |
|
|
|a SNK
|b SNK
|y VYP
|7 0
|p 17A0561816
|o snkSB 71623/6 D1
|i snk2007/19407
|8 0
|0 0
|1 0
|4 0
|d 2007-08-23
|f 1
|l 0
|r 2016-06-30 00:00:00
|w 2026-02-24
|